| 000 | 00000nas 2200000zi 4500 |
| 001 | 9.874801 |
| 003 | CaOODSP |
| 005 | 20221107164306 |
| 006 | m o d f |
| 007 | cr ||||||||||| |
| 008 | 190612d19831985onc|| m o f0###|0fre|d |
| 040 | |aCaOODSP|bfre|erda|cCaOODSP |
| 043 | |an-cn--- |
| 086 | 1 |aEn48-10F-PDF |
| 245 | 10|aCollection Enviroguide / |cDirection des services techniques, Direction générale des programmes de protection de l'environnement, Service de la protection de l'environnement. |
| 264 | 1|aOttawa : |bEnvironnement Canada, |c1983-[1985?] |
| 310 | |aIrrégulier |
| 336 | |atexte|btxt|2rdacontent/fre |
| 337 | |ainformatique|bc|2rdamedia/fre |
| 338 | |aressource en ligne|bcr|2rdacarrier/fre |
| 500 | |aPublié aussi en anglais sous le titre : Environmental and technical information for problem spills (EnviroTIPS). |
| 588 | |aDescription après : vol. juin 1984. |
| 692 | 07|2gccst|aProtection de l'environnement |
| 692 | 07|2gccst|aDéversement de substances toxiques |
| 692 | 07|2gccst|aManuel |
| 710 | 1 |aCanada. |bEnvironnement Canada. |
| 710 | 1 |aCanada. |bService de la protection de l'environnement. |
| 775 | 08|tEnvironmental and technical information for problem spills / |w(CaOODSP)9.507836 |